<?xml version="1.0" encoding="UTF-8"?>
<marc:record xmlns:marc="http://www.loc.gov/MARC21/slim">
   <marc:leader>00000nam a2200000 a 4500</marc:leader>
   <marc:datafield ind1="1" ind2=" " tag="100">
      <marc:subfield code="a">Thiele, Albert</marc:subfield>
      <marc:subfield code="4">aut</marc:subfield>
      <marc:subfield code="e">Verfasser/-in</marc:subfield>
   </marc:datafield>
   <marc:datafield ind1=" " ind2=" " tag="653">
      <marc:subfield code="a">Argumentation</marc:subfield>
   </marc:datafield>
   <marc:datafield ind1=" " ind2=" " tag="653">
      <marc:subfield code="a">Softcover</marc:subfield>
   </marc:datafield>
   <marc:datafield ind1=" " ind2=" " tag="653">
      <marc:subfield code="a">Karte</marc:subfield>
   </marc:datafield>
   <marc:datafield ind1=" " ind2=" " tag="653">
      <marc:subfield code="a">Ratgeber</marc:subfield>
   </marc:datafield>
   <marc:datafield ind1="0" ind2="0" tag="245">
      <marc:subfield code="a">Argumentieren unter Stress</marc:subfield>
   </marc:datafield>
   <marc:datafield ind1="0" ind2="0" tag="245">
      <marc:subfield code="b">wie man unfaire Angriffe erfolgreich abwehrt ; mit Trainingsprogramm zu Dialektik und Eristik</marc:subfield>
   </marc:datafield>
   <marc:datafield ind1="0" ind2="0" tag="245">
      <marc:subfield code="c">Albert Thiele</marc:subfield>
   </marc:datafield>
   <marc:datafield ind1=" " ind2="1" tag="264">
      <marc:subfield code="a">Frankfurt am Main</marc:subfield>
      <marc:subfield code="b">Frankfurter Allg. Buch</marc:subfield>
      <marc:subfield code="c">2004</marc:subfield>
   </marc:datafield>
   <marc:datafield ind1="1" ind2=" " tag="520">
      <marc:subfield code="a">Unfaire Angriffe haben in wirtschaftlich angespannten Zeiten Konjunktur. Wenn die Spielräume enger werden, führt das häufig zu unsachlichen und aggressiven Auseinandersetzungen. Dazu gehören persönliche Angriffe, Dominanzgebärden und Killerphrasen genauso wie Polemik, Schwarze- Peter-Spiele und Drohungen. "Argumentieren unter Stress " sensibilisiert für subtile Machtspiele ,,einschließlich so genannter "Dirty Tricks ",und zeigt Ihnen Erfolg versprechende Reaktionsmöglichkeiten. Sie erfahren, wie Sie offene und verdeckte unsachliche Spielarten früh erkennen, geschickt abwehren und gleichzeitig den Dialog aufrechterhalten. Denn schließlich sind professionelle Dialektik, Schlagfertigkeit und Stress-Resistenz wichtige Voraussetzungen, um eigene Interessen und Karriereziele zu verwirklichen. Thiele ist Trainer und Coach für Führungskräfte aller Ebenen und Funktionsbereiche. Er gilt als einer der besten Präsentations- und Dialektiktrainer Deutschlands. Zusammen mit dem Journalisten Ulrich Kienzle schult er seit Jahren die Top-Vorstandsebene und Konzernsprecher deutscher Unternehmen in Stress-Situationen.</marc:subfield>
   </marc:datafield>
   <marc:datafield ind1=" " ind2=" " tag="020">
      <marc:subfield code="a">9783899810172</marc:subfield>
      <marc:subfield code="9">9783899810172</marc:subfield>
   </marc:datafield>
   <marc:datafield ind1=" " ind2=" " tag="020">
      <marc:subfield code="a">3899810171</marc:subfield>
      <marc:subfield code="9">3899810171</marc:subfield>
   </marc:datafield>
   <marc:datafield ind1=" " ind2=" " tag="041">
      <marc:subfield code="a">ger</marc:subfield>
   </marc:datafield>
   <marc:datafield ind1=" " ind2=" " tag="300">
      <marc:subfield code="a">279 S.</marc:subfield>
   </marc:datafield>
</marc:record>
